00302nam a2200109 a 4500008004100000245007300041260003100114020001000145044001100155041000800166100001800174110519s1960|||| d10aZelenina a ovocie v našej kuchyni b463 osvedčených predpisov  bOsveta aBratislava c1960 c16,70 axocSK aslo1 aGordan, Jozef